La Iliada
Saved in:
| Hovedforfatter: | |
|---|---|
| Format: | Bog |
| Sprog: | spansk |
| Udgivet: |
Buenos Aires
Atlántida
1964
|
| Udgivelse: | 7a. ed |
| Serier: | Biblioteca Billiken, Colección Roja
|
| Fag: | |
| Tags: |
Tilføj Tag
Ingen Tags, Vær først til at tagge denne postø!
|
MARC
| LEADER | 00000nam a2200000 a 4500 | ||
|---|---|---|---|
| 001 | UCH6759 | ||
| 003 | CL-VaPUC | ||
| 008 | 091109e19640000AG |||||||||||||||||spa|d | ||
| 082 | 0 | 4 | |a 883 |b HOM |2 21 |
| 100 | |a Homero |e autor |9 265577 | ||
| 245 | 1 | 3 | |a La Iliada |
| 250 | |a 7a. ed | ||
| 300 | |a 126 p | ||
| 942 | |c BK | ||
| 945 | |d 20091109 00:00:00 |a lazolas | ||
| 260 | |a Buenos Aires |b Atlántida |c 1964 | ||
| 650 | 0 | |a Literatura |9 259151 | |
| 650 | 7 | |a LITERATURA GRIEGA |2 CL-VaPUC |9 258054 | |
| 650 | 7 | |a NOVELAS GRIEGAS |2 CL-VaPUC |9 269478 | |
| 650 | 7 | |a NOVELAS EPICAS |2 CL-VaPUC |9 349948 | |
| 650 | 7 | |a HISTORIA GRIEGA |2 CL-VaPUC |9 314116 | |
| 650 | 0 | |a Lectura |9 307634 | |
| 651 | 0 | |a Grecia |9 265314 | |
| 583 | |a last modification |c 20091109 00:00:00 |k Rodrigo Vera | ||
| 490 | 0 | |a Biblioteca Billiken, Colección Roja | |
| 999 | |c 337585 |d 337583 | ||